000 00503nam a2200181Ia 4500
999 _c3801
_d3801
003 OSt
005 20200821114138.0
008 190216s9999||||xx |||||||||||||| ||und||
020 _a9780824702540
040 _coclc
082 _a541.33
_bROS/N
100 _aRosoff, Morton
_94259
245 0 _aNano Surface Chemistry /
_cMorton Rosoff
260 _bMarcel Dekker,
_c2016.
_aNew York:
300 _a678p
650 _aChemistry
942 _cBK
_2ddc
_h541.33
_iROS/N
_k541.33
_mROS/N